| 000 | 00876cam a22001934a 4500 | ||
|---|---|---|---|
| 005 | 20250605163957.0 | ||
| 008 | 250528s ||||||||||||||||||||||||d | ||
| 035 | _a15509 | ||
| 040 |
_aGR-AtMCL _bgre _dGR-AtMCL _eAACR2 |
||
| 245 | 1 | _aΕμπορική Αλληλογραφία / Θεωρητική και Εφαρμοσμένη: Τρίτη Έκδοση | |
| 250 | _a3η | ||
| 260 |
_bΤυροβολα, _c1980 |
||
| 300 | _a176 | ||
| 520 | _aΣύμφωνα με το νέο αναλυτικό πρόγραμμα του Υπουργείου Παιδείας - Βελτιωμένη και Συγχρονισμένη - Γραμμένη στη Δημοτική Γλώσσα. Κανόνες, Θέματα, Σχέδια, Υποδείγματα, Ασκήσεις. | ||
| 700 | 1 |
_aΣφακιανός Γρηγόρης Κ _91443 |
|
| 942 | _cBK | ||
| 999 |
_c1085 _d1085 |
||